| 000 | 00834nam a22002177a 4500 | ||
|---|---|---|---|
| 999 |
_c143640 _d143640 |
||
| 005 | 20230524172816.0 | ||
| 010 | _aENG-119916 ENG-137033 | ||
| 020 | _c140.00 | ||
| 035 | _aEN-103448 | ||
| 035 | _aEN-120565 | ||
| 037 | _bDBAD/PUB | ||
| 082 | _a230.35 | ||
| 245 |
_aSai speaks about his childhood : _ccompiled and edited by Suresh C. Bhatnagar _bbased on Sai's discourses / |
||
| 260 |
_aAndhra Pradesh _bSri Sathya Sai Sadhana Trust, Publications Division _c2011 |
||
| 270 |
_aPrasanthi Nilayam, Anantapur District, _bAndhra Pradesh _e515134 |
||
| 300 |
_axxiii,365p. : _c25cm(Hb) _bill. |
||
| 500 | _a Includes bibliographical references | ||
| 505 | _a A humble offering to bhagawan Sri Sathya Sai Baba on his 85th auspicious birthday | ||
| 700 | _aBhatnagar, Suresh C. | ||
| 942 |
_2ddc _cEN _h230.35 _mSAI |
||